00368nam a2200121Ia 45000010005000000080041000050820032000461000042000782450052001202600031001729010028002039990015002311005241024s9999 xx 000 0 und d aRD/282.9293/C748d/1955-1990 aConferencia del Episcopado Dominicano 0aConferencia del Episcopado Dominicano 1955-1990 bEd. Amigos del Hogarc2007 a22/12/2010 2:13:37 p.m. c9921d9921